Statistiques concernant Toutes les Balls de Légendes Pokémon : Arceus

Cliquez ici pour prendre le quiz!

Statistiques générales

  • Ce quiz a été pris 20 fois
  • Le résultat moyen est 6 sur 10

Statistiques - réponses

Ball% Correct
Poké Ball
100%
Hyper Ball
94%
Super Ball
94%
Masse Ball
61%
Plume Ball
61%
Gigamasse Ball
50%
Envol Ball
44%
Mégamasse Ball
44%
Origine Ball
33%
Propulse Ball
28%

Distribution des résultats

Percentile par nombre de réponses

% des personnes avec chaque résultat

Votre développement - résultats

Vous n’avez pas pris ce quiz